Gabon Players Biggest Transfers - Statistics

General Stats
  • This quiz has been taken 37 times
  • The average score is 13 of 30
Answer Stats
Player From Joined % Correct
ST Pierre-Emerick Aubameyang 17/18 Borussia Dortmund Arsenal
100%
ST Pierre-Emerick Aubameyang 13/14 Saint-Etienne Borussia Dortmund
100%
ST Pierre-Emerick Aubameyang 22/23 Barcelona Chelsea
100%
ST Pierre-Emerick Aubameyang 11/12 Milan Saint-Etienne
100%
DM Mario Lemina 17/18 Juventus Southampton
73%
DM Mario Lemina 22/23 Nice Wolverhampton Wanderers
73%
DM Mario Lemina 16/17 Marseille Juventus
73%
DM Mario Lemina 21/22 Southampton Nice
73%
DM Mario Lemina 13/14 Lorient Marseille
73%
DM Mario Lemina 20/21 Southampton Fulham
73%
DM Mario Lemina 19/20 Southampton Galatasaray
73%
CM Didier Ndong 16/17 Lorient Sunderland
40%
CB Bruno Ecuele Manga 14/15 Lorient Cardiff City
27%
CB Bruno Ecuele Manga 10/11 Angers Lorient
27%
CB Bruno Ecuele Manga 19/20 Cardiff City Dijon
27%
LW Denis Bouanga 22/23 Saint-Etienne Los Angeles
27%
LW Denis Bouanga 19/20 Nimes Saint-Etienne
27%
LW Denis Bouanga 18/19 Lorient Nimes
27%
ST Daniel Cousin 08/09 Rangers Hull City
20%
ST Daniel Cousin 07/08 Lens Rangers
20%
ST Aaron Boupendza 22/23 Al-Arabi Al-Shabab
17%
ST Aaron Boupendza 23/24 Al-Shabab Cincinnati
17%
ST Aaron Boupendza 21/22 Hatayspor Al-Arabi
17%
DM Andre Poko 17/18 Karabukspor Goztepe
13%
ST Malick Evouna 16/17 El Ahly Tianjin Teda
13%
ST Malick Evouna 15/16 Wydad Casablanca El Ahly
13%
ST Eric Mouloungui 08/09 Strasbourg Nice
10%
LW Frederic Bulot 12/13 Caen Standard Liege
7%
AM Guelor Kanga 17/18 Crvena Zvezda Sparta Prague
7%
ST Roguy Meye 08/09 Zalaegerszeg Ankaraspor
7%
No matching quizzes found
Score Distribution
Percent of People with Each Score
Percentile by Number Answered
Your Score History
You have not taken this quiz